=LDR 00000nam 2200000 4500 =001 INLIS000000000023925 =005 20130612122538 =008 ***********************************Ind** =035 ##$$0010-061300000023925 =041 ##$$a Ind =082 ##$$a 305.409 =090 ##$$a 305.409, Adn k =100 ##$$a Abdullah, Adnan =245 ##$$a Kedudukan dan peranan wanita pedesaan daerah istimewa aceh, Adnan Abdullah =260 ##$$a 1986 $b Jakarta =300 ##$$a 158 hlm, 23 cm =650 ##$$a Wanita desa - Aceh =850 ##$$a NBPNMAT